Catáleg de la Colecció Cervántica (Record no. 7161)

MARC details
000 -CABECERA
campo de control de longitud fija 01021nam a2200265 a 4500
001 - NÚMERO DE CONTROL
campo de control BRCA_7486
005 - FECHA Y HORA DE LA ÚLTIMA TRANSACCIÓN
campo de control 20190320205844.0
008 - DATOS DE LONGITUD FIJA--INFORMACIÓN GENERAL
campo de control de longitud fija 250413m19161925sp-####f##---#000-0#cat-#
041 ## - CÓDIGO DE LENGUA
Código de lengua del texto/banda sonora o título independiente cat
044 ## - CÓDIGO DEL PAÍS DE LA ENTIDAD EDITORA/PRODUCTORA
Código MARC del país sp
050 #4 - SIGNATURA TOPOGRÁFICA DE LA BIBLIOTECA DEL CONGRESO
Número de clasificación Z8158
Número de documento/Ítem .C38 1916
245 10 - MENCIÓN DE TÍTULO
Título Catáleg de la Colecció Cervántica
Mención de responsabilidad, etc. formada por Isidro Bonsoms i Sicart ; i cedida per ell a la Biblioteca de Catalunya ; redactat per Joan Givanel i Mas.
260 ## - PUBLICACIÓN, DISTRIBUCIÓN, ETC.
Lugar de publicación, distribución, etc. Barcelona
Nombre del editor, distribuidor, etc. Institut D´Estudis Catalans
Fecha de publicación, distribución, etc. 1916-1925
300 ## - DESCRIPCIÓN FÍSICA
Extensión 3 v.
Dimensiones 27 cm.
500 ## - NOTA GENERAL
Nota general ver también R20 (versión en español iniciada en 1941)
500 ## - NOTA GENERAL
Nota general R15
505 0# - NOTA DE CONTENIDO CON FORMATO
Nota de contenido con formato Contenido: v.1. 1590-1800. -- v.2. 1801-1897. -- v.3. 1880-1915
600 14 - PUNTO DE ACCESO ADICIONAL DE MATERIA--NOMBRE DE PERSONA
Nombre de persona Cervantes Saavedra, Miguel de
Fechas asociadas al nombre 1547-1616
Subdivisión de forma Bibliografía
9 (RLIN) 7606
650 14 - PUNTO DE ACCESO ADICIONAL DE MATERIA--TÉRMINO DE MATERIA
Término de materia o nombre geográfico como elemento de entrada Obras literarias
Subdivisión de forma Catálogos
Subdivisión geográfica España
9 (RLIN) 18432
700 1# - PUNTO DE ACCESO ADICIONAL--NOMBRE DE PERSONA
Nombre de persona Bonsoms i Sicart, Isidro
Fechas asociadas al nombre 1849-1922
Término indicativo de función/relación comp.
9 (RLIN) 18433
700 1# - PUNTO DE ACCESO ADICIONAL--NOMBRE DE PERSONA
Nombre de persona Givanel i Mas, Joàn
9 (RLIN) 18434
710 2# - PUNTO DE ACCESO ADICIONAL--NOMBRE DE ENTIDAD CORPORATIVA
Nombre de entidad corporativa o nombre de jurisdicción como elemento de entrada Biblioteca de Catalunya, Barcelona
9 (RLIN) 18435
902 ## - CATALOGADOR
Iniciales GFM
942 ## - ELEMENTOS DE PUNTO DE ACCESO ADICIONAL (KOHA)
Fuente del sistema de clasificación o colocación Library of Congress Classification
Tipo de ítem Koha Libros
Holdings
Estado de retiro Estado de pérdida Estado dañado No para préstamo Localización permanente Ubicación/localización actual Fecha de adquisición Número de inventario Total de préstamos Signatura topográfica completa Código de barras Fecha visto por última vez Precio válido a partir de Tipo de ítem Koha
El ejemplar forma parte de la colección y puede ser consultado según las políticas vigentes.       Biblioteca del Museo Franz Mayer (Rogerio Casas-Alatriste) Biblioteca del Museo Franz Mayer (Rogerio Casas-Alatriste) 25/04/2013 R15   Z8158 .C38 1916 (R15) 8090 22/03/2019 22/03/2019 Libros